Upínací a obráběcí nástroje soustavy strmý kužel 50 a 60 pro NC vyvrtávací a frézovací stroje s automatickou nebo poloautomatickou výměnou nástrojů

Bibliographic Details
Main Author: Tančouz, Vladimír (Author)
Format: Article
Language:Czech
PhysicalDescription:Obr. 9.
Subjects:

MARC

LEADER 00000nab a2200000 a 4500
001 vtls000075597
003 SK-MaSNL
005 20260303021834.0
008 160202c1980 xo 0 cze
015 |a SNBRB19rr/mm-uuuuu 
035 |a CL0085698 
040 |a SNKBUCL  |b slo  |c SNKBUCL  |e AACR2 
041 0 |a cze 
044 |a xo  |c SK 
080 |a 621.95  |2 1981 
080 |a 621.91  |2 1981 
100 1 |a Tančouz, Vladimír  |4 aut  |9 1003204 
245 1 0 |a Upínací a obráběcí nástroje soustavy strmý kužel 50 a 60 pro NC vyvrtávací a frézovací stroje s automatickou nebo poloautomatickou výměnou nástrojů  |c Vladimír Tančouz 
300 |b Obr. 9. 
650 0 7 |a stroje vyvrtávacie NC  |2 snkbucl  |9 1003205 
650 0 7 |a frézovačky NC  |2 snkbucl  |9 946452 
655 7 |a články z novín a časopisov  |2 snkbucl  |9 267496 
773 0 |t Náradie  |g Roč. 7, č. 3 (1980), s. 15-17 a 24 
850 |a Slovenská národná knižnica v Martine  |a MTA001 
852 |a SNK  |b KIS3GCP 
958 |a RK 
958 |a CZ 
992 |a RBX 
999 |c 1625413  |d 1627343